书目信息 |
| 题名: |
法国的改良社会主义
|
|
| 作者: | 米勒兰 著 ;史集 译 | |
| 分册: | ||
| 出版信息: | 北京 三联书店 1978 |
|
| 页数: | 73页 | |
| 开本: | 20cm | |
| 丛书名: | ||
| 单 册: | ||
| 中图分类: | C08 , D143 | |
| 科图分类: | ||
| 主题词: | 米勒兰主义--文集 | |
| 电子资源: | ||
| ISBN: | ||
| 000 | 00771nam0 2200277 45 | |
| 001 | 0178003847 | |
| 005 | 20060728103854.07 | |
| 010 | @dCNY0.31 | |
| 091 | @a3002.197 | |
| 100 | @a19950713d1978 emky0chiy0121 ea | |
| 101 | 1 | @achi@cfre |
| 102 | @aCN@b110000 | |
| 105 | @ay z 000yy | |
| 200 | 10 | @a法国的改良社会主义@Afa guo de gai liang she hui zhu yi@f(法)亚·米勒兰著@F(fa)ya·mi le lan zhu@g史集译 |
| 210 | @a北京@c三联书店@d1978 | |
| 215 | @a73页@d20cm | |
| 300 | @a机会主义、修正主义资料 | |
| 300 | @a据巴黎1903年法文版译出 | |
| 606 | @a米勒兰主义@x文集 | |
| 610 | 0 | @a改良社会主义 |
| 690 | @aC08@v4 | |
| 690 | @aD143@v3 | |
| 701 | 0 | @a米勒兰@Ami le lan@4著 |
| 702 | 0 | @a史集@Ashi ji@4译 |
| 801 | 0 | @aCN@bTSSF@c20060728 |
| 905 | @a10447@dD143@e6 | |
| 法国的改良社会主义/(法)亚·米勒兰著/史集译.-北京:三联书店,1978 |
| 73页;20cm |
| 机会主义、修正主义资料.-据巴黎1903年法文版译出 |
| ISBN :CNY0.31 |
| ● |
| 相关链接 |
|
|
|
|
正题名:法国的改良社会主义
索取号:D143/6
 
预约/预借
| 序号 | 登录号 | 条形码 | 馆藏地/架位号 | 状态 | 备注 |
| 1 | 0005083 | 202173815 | 密集书库/ [索取号:D143/6] | 在馆 | |
| 2 | 0440351 | 204403519 | 密集书库/ [索取号:D143/6] | 在馆 |